00676 2200217 4500001002100000005001700021008004100038035002400079040001200103082000800115090001500123245010400138250001100242260003100253300002400284500005100308650005100359700002100410850001200431990001500443YOGYA-0209000003569020090227025035.0 ind  0010-020900000035690 aYOPDYOG a137 aT 137bTan aTantangan membina kepribadianbpedoman untuk mengenal diricpenyadur, Adolf Heuken S.J....[et..al.] aCet. 4 aYogyakartabKanisiusc1979 a90 hlmbilusc18 cm aJudul asli : The Challenge of your personality aIlmu Jiwa kepribadianxkepribadian - Ilmu Jiwa aHeuken SJ, Adolf aYOPDYOG aP000003845